000 00251nam a2200109Ia 4500
008 190216s9999||||xx |||||||||||||| ||und||
100 _aMalhotra A M & Phull Ds
245 0 _aBbs
260 _bBright Careers
_c1999
300 _a2363p
942 _cREF
999 _c36517
_d36517